书目信息 |
| 题名: |
高校外语专业教育发展报告
|
|
| 作者: | 戴炜栋 主编 | |
| 分册: | ||
| 出版信息: | 上海 上海外语教育出版社 2008.12 |
|
| 页数: | 12,618页 | |
| 开本: | 23cm | |
| 丛书名: | 改革开放30年中国外语教育发展丛书 | |
| 单 册: | ||
| 中图分类: | H3 | |
| 科图分类: | ||
| 主题词: | 外语教学--教学研究--高等学校--研究报告--中国--1978~2008 , 外语教学 , 教学研究 | |
| 电子资源: | ||
| ISBN: | 978-7-5446-1105-3 | |
| 000 | 00974oam2 2200265 450 | |
| 001 | 004066709 | |
| 005 | 20090303142755.0 | |
| 010 | @a978-7-5446-1105-3@dCNY60.00 | |
| 100 | @a20100913d2008 em y0chiy0110 ea | |
| 101 | 0 | @achi |
| 102 | @aCN@b310000 | |
| 105 | @ay z 000yy | |
| 200 | 1 | @a高校外语专业教育发展报告@Agao xiao wai yu zhuan ye jiao yu fa zhan bao gao@e1978-2008@f戴炜栋主编 |
| 210 | @a上海@c上海外语教育出版社@d2008.12 | |
| 215 | @a12,618页@d23cm | |
| 225 | 2 | @a改革开放30年中国外语教育发展丛书 |
| 330 | @a本书全方位记载了高校英语专业、日语专业、俄语专业、德语专业、法语专业、西班牙语专业、阿拉伯语专业、非通用语种类专业教学30年的发展状况。 | |
| 461 | 0 | @1001004071341@12001 @a改革开放30年中国外语教育发展丛书 |
| 606 | 0 | @a外语教学@x教学研究@x高等学校@x研究报告@y中国@z1978~2008 |
| 606 | 0 | @a外语教学 |
| 606 | 0 | @a教学研究 |
| 690 | @aH3@v5 | |
| 701 | 0 | @a戴炜栋@Adai wei dong@f(1940.12~)@4主编 |
| 905 | @aBZT@dH3@e2 | |
| 906 | @dCNY60.00@n0@r1 | |
| 高校外语专业教育发展报告:1978-2008/戴炜栋主编.-上海:上海外语教育出版社,2008.12 |
| 12,618页;23cm.-(改革开放30年中国外语教育发展丛书) |
| ISBN 978-7-5446-1105-3:CNY60.00 |
| 本书全方位记载了高校英语专业、日语专业、俄语专业、德语专业、法语专业、西班牙语专业、阿拉伯语专业、非通用语种类专业教学30年的发展状况。 |
| ● |
| 相关链接 |
|
|
|
正题名:高校外语专业教育发展报告
索取号:H3/2
 
预约/预借
| 序号 | 登录号 | 条形码 | 馆藏地/架位号 | 状态 | 备注 |
| 1 | 767348 | 2000767348 | 中心书库中库/ 中库038架B面1列6层23/ [索取号:H3/2] | 在馆 | |
| 2 | 767349 | 2000767349 | 中心书库中库/ 中库038架B面1列6层24/ [索取号:H3/2] | 在馆 | |
| 3 | 767350 | 2000767350 | 中心书库中库/ 中库038架B面1列6层21/ [索取号:H3/2] | 在馆 | |
| 4 | 767351 | 2000767351 | 中心书库中库/ 中库038架B面1列6层17/ [索取号:H3/2] | 在馆 | |
| 5 | 767352 | 2000767352 | 中心书库中库/ 中库038架B面1列6层20/ [索取号:H3/2] | 在馆 | |
| 6 | 767353 | 2000767353 | 中心书库中库/ 中库038架B面1列6层16/ [索取号:H3/2] | 在馆 | |
| 7 | 767354 | 2000767354 | 中心书库中库/ 中库038架B面1列6层19/ [索取号:H3/2] | 在馆 | |
| 8 | 767355 | 2000767355 | 中心书库中库/ 中库038架B面1列6层22/ [索取号:H3/2] | 在馆 | |
| 9 | 767356 | 2000767356 | 中心书库中库/ 中库038架B面1列6层15/ [索取号:H3/2] | 在馆 | |
| 10 | 767357 | 2000767357 | 中心书库中库/ 中库038架B面1列6层18/ [索取号:H3/2] | 在馆 |